Formule 1: Les coéquipiers de Carlos Sainz - Statistiques

Statistiques générales
  • Ce quiz a été pris 881 fois
    498 depuis la dernière actualisation
  • Le résultat moyen est 5 sur 6
Statistiques - réponses
Ecurie Saison Pilote % Correct
Ferrari [2021;2024] Charles Leclerc
100%
Williams 2025-2026 Alexander Albon
98%
McLaren 2019-2020 Lando Norris
98%
Toro Rosso 2015-2016 Max Verstappen
90%
Renault 2017-2018 Nico Hülkenberg
80%
Toro Rosso 2016-2017 Daniil Kvyat
72%
Aucun quiz correspondant
Distribution des résultats
% des personnes avec chaque résultat
Percentile par nombre de réponses
Votre historique - résultats
Vous n’avez pas pris ce quiz depuis la dernière actualisation